000
00316nam a22001217a 4500
008
230629b xxu||||| |||| 00| 0 eng d
020
_a
0862052556
082
_a
346.6762
_b
COT 1987
245
_a
Casebook o Kenya Customary Law
260
_b
Professional Books Limited
_c
1987
300
_a
XXVIII,348p
942
_2
ddc
_c
BK
999
_c
3115
_d
3115